[Event "2. Bundesliga West 2011/12"]
[Site "Absam"]
[Date "2011.10.07"]
[Round "1"]
[Board "1"]
[White "Platzgummer, Fabian"]
[Black "Schmidt, Georg"]
[Result "0-1"]
[WhiteElo "2304"]
[BlackElo "2368"]
[PlyCount "100"]
[EventDate "2011.10.07"]
[EventType "team"]
[EventRounds "11"]
[EventCountry "AUT"]
[WhiteTeam "Zillertal"]
[BlackTeam "Rochade Rum"]

1.d4 Nf6 2.c4 e6 3.Nf3 b6 4.g3 Ba6 5.Qc2 c6 6.e4 d5 7.cxd5 Bxf1 8.Kxf1 cxd5 9.e5
Ng8 10.Kg2 Qd7 11.Bd2 Nc6 12.Rc1 Rc8 13.b4 Nge7 14.Qb2 a6 15.b5 axb5 16.Na3 Na7
17.Bb4 Ra8 18.Bd6 Nec6 19.Bxf8 Rxf8 20.Nxb5 Nxb5 21.Qxb5 Nxe5 22.Qb3 Nc4 23.Ne5
Qa4 24.Nxc4 dxc4 25.Qxb6 Rc8 26.d5 Qd7 27.Rd1 e5 28.Rac1 f6 29.Qb4 Qc7 30.Kg1
Qc5 31.Qa4+ Kf7 32.d6 Rfd8 33.d7 Rc7 34.Qc2 g6 35.Qe4 Qc6 36.Qh4 Kg7 37.Qg4 h5
38.Qe2 c3 39.Qe1 c2 40.Rd2 Rdxd7 41.Qe2 Rxd2 42.Qxd2 h4 43.Qe3 Rd7 44.Qe2 h3
45.f3 Qc5+ 46.Kf1 Rc7 47.g4 Qa3 48.Rxc2 Rxc2 49.Qxc2 Qxf3+ 50.Ke1 Qh1+ 0-1

[Event "2. Bundesliga West 2011/12"]
[Site "Absam"]
[Date "2011.10.07"]
[Round "1"]
[Board "2"]
[White "Panteleev, Petar"]
[Black "Lanka, Zigurds"]
[Result "0-1"]
[WhiteElo "2347"]
[BlackElo "2442"]
[PlyCount "71"]
[EventDate "2011.10.07"]
[EventType "team"]
[EventRounds "11"]
[EventCountry "AUT"]
[WhiteTeam "Rochade Rum"]
[BlackTeam "Zillertal"]

1.d4 Nf6 2.c4 g6 3.Nc3 Bg7 4.e4 d6 5.Nf3 O-O 6.Be2 e5 7.O-O Nc6 8.d5 Ne7 9.b4 a5
10.Ba3 b6 11.bxa5 Nh5 12.Re1 f5 13.Bb4 bxa5 14.Ba3 Nf6 15.Nd2 Bh6 16.Bf1 g5
17.c5 f4 18.Nc4 Ne8 19.Be2 Kh8 20.Nb5 Rf6 21.Bb2 Bg7 22.a4 Rh6 23.Rc1 Ng8 24.Bg4
Bxg4 25.Qxg4 Ngf6 26.Qd1 g4 27.Nxe5 dxe5 28.Bxe5 Nh5 29.Bxg7+ Nhxg7 30.Qxg4 Rh4
31.Qf3 Nf6 32.h3 Nd7 33.e5 Qg5 34.d6 Rg8 35.Qd5 Rxh3 36.Kf1 0-1

[Event "2. Bundesliga West 2011/12"]
[Site "Absam"]
[Date "2011.10.07"]
[Round "1"]
[Board "5"]
[White "Kleissl, Helmut"]
[Black "Hengl, Christian"]
[Result "1/2-1/2"]
[WhiteElo "2306"]
[BlackElo "2240"]
[PlyCount "59"]
[EventDate "2011.10.07"]
[EventType "team"]
[EventRounds "11"]
[EventCountry "AUT"]
[WhiteTeam "Zillertal"]
[BlackTeam "Rochade Rum"]

1.Nf3 d5 2.d4 Nf6 3.c4 c6 4.e3 Bf5 5.Nc3 e6 6.Qb3 Qb6 7.c5 Qc7 8.Be2 Nbd7 9.O-O
Be7 10.Bd2 O-O 11.Qd1 Ne4 12.b4 e5 13.Nxe4 Bxe4 14.Nxe5 Nxe5 15.dxe5 Qxe5 16.Rc1
h6 17.Bc3 Qe6 18.Bd3 Rad8 19.Qe2 Rfe8 20.Rfd1 f5 21.Bd4 Bf6 22.Qb2 Bxd4 23.Qxd4
Bxd3 24.Rxd3 Qg6 25.Qc3 Re4 26.Rcd1 Rde8 27.h3 R8e7 28.Rd4 Qh5 29.R1d3 Qe2
30.Qd2 1/2-1/2

[Event "2. Bundesliga West 2011/12"]
[Site "Absam"]
[Date "2011.10.07"]
[Round "1"]
[Board "6"]
[White "Jedinger, Andreas"]
[Black "Tabernig, Bernhard"]
[Result "0-1"]
[WhiteElo "2191"]
[BlackElo "2317"]
[PlyCount "110"]
[EventDate "2011.10.07"]
[EventType "team"]
[EventRounds "11"]
[EventCountry "AUT"]
[WhiteTeam "Rochade Rum"]
[BlackTeam "Zillertal"]

1.e4 e6 2.d4 d5 3.Nc3 Nf6 4.e5 Nfd7 5.f4 c5 6.Nf3 Nc6 7.Be3 Be7 8.Qd2 O-O 9.Be2
b6 10.O-O f6 11.dxc5 Nxc5 12.exf6 Bxf6 13.Nd4 Nxd4 14.Bxd4 Bb7 15.Rad1 Rc8
16.Qe3 Bxd4 17.Qxd4 Qf6 18.Qxf6 Rxf6 19.g3 Ba6 20.Rfe1 h6 21.Rd4 Bxe2 22.Rxe2
Rd8 23.h4 Kh7 24.Kg2 a5 25.a3 Kg6 26.Kh3 Nb7 27.Nb5 Rc8 28.Kg4 h5+ 29.Kf3 Rc5
30.a4 Kf7 31.c3 Rc6 32.Na7 Rc5 33.Nb5 g6 34.Re3 Rf5 35.Rd2 Rf6 36.Rde2 Rc8
37.Re5 Rd8 38.R5e3 Nc5 39.Nd4 Rc8 40.Kg2 Ke7 41.b3 Kd7 42.Nb5 Nxb3 43.Kf3 Nc5
44.Ra2 Ne4 45.Rb2 Rc5 46.Ke2 e5 47.Rb3 exf4 48.gxf4 Rxf4 49.Nd4 Nxc3+ 50.Kd3
Nxa4 51.Ne6 Rf6 52.Rxb6 Rc3+ 53.Kd4 Rxe3 54.Nc5+ Nxc5 55.Rxf6 Re6 0-1

[Event "2. Bundesliga West 2011/12"]
[Site "Absam"]
[Date "2011.10.07"]
[Round "1"]
[Board "1"]
[White "Luther, Thomas"]
[Black "Bayer, Bernhard"]
[Result "1/2-1/2"]
[WhiteElo "2524"]
[BlackElo "2434"]
[PlyCount "50"]
[EventDate "2011.10.07"]
[EventType "team"]
[EventRounds "11"]
[EventCountry "AUT"]
[WhiteTeam "SC Absam"]
[BlackTeam "Schwaz"]

1.e4 e5 2.Nf3 Nc6 3.Bb5 a6 4.Ba4 Nf6 5.O-O Be7 6.Re1 b5 7.Bb3 d6 8.c3 O-O 9.h3
Nb8 10.d4 Nbd7 11.Nbd2 Bb7 12.a4 Re8 13.Bc2 Bf8 14.Bd3 c6 15.b3 Qc7 16.Bb2 g6
17.Qc2 Bg7 18.axb5 cxb5 19.c4 Rac8 20.Qb1 Qb6 21.b4 bxc4 22.Nxc4 Qxb4 23.Nxd6
Qxd6 24.dxe5 Qe7 25.exf6 Nxf6 1/2-1/2

[Event "2. Bundesliga West 2011/12"]
[Site "Absam"]
[Date "2011.10.07"]
[Round "1"]
[Board "2"]
[White "Fuchs, Georg"]
[Black "Rotstein, Arkadij"]
[Result "0-1"]
[WhiteElo "2289"]
[BlackElo "2502"]
[PlyCount "74"]
[EventDate "2011.10.07"]
[EventType "team"]
[EventRounds "11"]
[EventCountry "AUT"]
[WhiteTeam "Schwaz"]
[BlackTeam "SC Absam"]

1.e4 c5 2.Nf3 e6 3.b3 a6 4.Bb2 Nc6 5.Be2 d6 6.d4 cxd4 7.Nxd4 Bd7 8.O-O Nf6 9.Nd2
Be7 10.Kh1 Nxd4 11.Bxd4 Bc6 12.Bd3 O-O 13.f4 Nd7 14.e5 dxe5 15.fxe5 Nc5 16.Bxc5
Bxc5 17.Qh5 g6 18.Qh6 Be7 19.Ne4 Bxe4 20.Bxe4 Bg5 21.Qh3 Qc7 22.Rae1 Rad8 23.Qg3
Bh6 24.Re2 Bg7 25.Bd3 Rd5 26.Rfe1 Rfd8 27.a4 b5 28.axb5 axb5 29.Re3 Rc5 30.Kg1
b4 31.Bc4 Ra8 32.Qf4 Raa5 33.Bd3 Bxe5 34.Rxe5 Rxe5 35.Qxb4 Qa7+ 36.Kf1 Rxe1+
37.Kxe1 Qe3+ 0-1

[Event "2. Bundesliga West 2011/12"]
[Site "Absam"]
[Date "2011.10.07"]
[Round "1"]
[Board "3"]
[White "Dizdar, Goran"]
[Black "Blaas, Hansjoerg"]
[Result "1/2-1/2"]
[WhiteElo "2495"]
[BlackElo "2234"]
[PlyCount "111"]
[EventDate "2011.10.07"]
[EventType "team"]
[EventRounds "11"]
[EventCountry "AUT"]
[WhiteTeam "SC Absam"]
[BlackTeam "Schwaz"]

1.Nf3 c5 2.c4 Nc6 3.Nc3 g6 4.e3 Bg7 5.d4 d6 6.h3 Bd7 7.d5 Ne5 8.Nxe5 dxe5 9.Qb3
Qb6 10.g4 a6 11.e4 Nf6 12.Be3 g5 13.f3 h5 14.Bg2 hxg4 15.hxg4 Rxh1+ 16.Bxh1 Nh7
17.O-O-O Qxb3 18.axb3 b6 19.Bg2 f6 20.Kd2 a5 21.Na4 Bxa4 22.bxa4 Kd7 23.Ke2 Kd6
24.Kf2 Nf8 25.Rh1 Nd7 26.Rh7 Rg8 27.Rh1 Rh8 28.Ra1 Ra8 29.Bf1 Kc7 30.Be2 Kd6
31.Bd2 Kc7 32.Kg2 Kd6 33.Bc3 Kc7 34.Bd3 Kd6 35.Bc2 Kc7 36.Rf1 Kd6 37.Rd1 Rh8
38.Bd3 Kc7 39.Bf1 Kd6 40.Be1 Rd8 41.Rd3 Rh8 42.Rb3 Ra8 43.Be2 Bf8 44.Bc3 Bg7
45.Bd3 Bh6 46.Bc2 Bg7 47.Ra3 Rh8 48.Ra1 Ra8 49.Bd2 Rh8 50.Bc3 Ra8 51.Bd2 Kc7
52.Rh1 Rh8 53.Rh5 Kd6 54.Bc3 Nf8 55.Bd2 Ng6 56.Rxh8 1/2-1/2

[Event "2. Bundesliga West 2011/12"]
[Site "Absam"]
[Date "2011.10.07"]
[Round "1"]
[Board "4"]
[White "Gruber, Michael"]
[Black "Schmittdiel, Eckhard"]
[Result "1/2-1/2"]
[WhiteElo "2125"]
[BlackElo "2466"]
[PlyCount "74"]
[EventDate "2011.10.07"]
[EventType "team"]
[EventRounds "11"]
[EventCountry "AUT"]
[WhiteTeam "Schwaz"]
[BlackTeam "SC Absam"]

1.e4 c5 2.Nf3 Nc6 3.d4 cxd4 4.Nxd4 Nf6 5.Nc3 e6 6.Ndb5 d6 7.Bf4 e5 8.Bg5 a6
9.Na3 b5 10.Nd5 Be7 11.Bxf6 Bxf6 12.c3 Ne7 13.Nc2 Nxd5 14.Qxd5 Rb8 15.Nb4 Bb7
16.Qd3 O-O 17.Be2 a5 18.Nd5 b4 19.O-O bxc3 20.bxc3 Bxd5 21.Qxd5 Rb2 22.Bb5 Bg5
23.Rab1 Rd2 24.Qb3 Qc7 25.Rbd1 g6 26.Rxd2 Bxd2 27.Rd1 Qxc3 28.Qxc3 Bxc3 29.Rxd6
Bd4 30.Kf1 Kg7 31.Ke2 Rc8 32.Rc6 Rb8 33.a4 Rb7 34.Rd6 h5 35.f3 g5 36.h3 Rc7
37.Rc6 Rxc6 1/2-1/2

[Event "2. Bundesliga West 2011/12"]
[Site "Absam"]
[Date "2011.10.07"]
[Round "1"]
[Board "5"]
[White "Pilz, Dieter"]
[Black "Kondrak, Christof"]
[Result "1/2-1/2"]
[WhiteElo "2330"]
[BlackElo "2176"]
[PlyCount "59"]
[EventDate "2011.10.07"]
[EventType "team"]
[EventRounds "11"]
[EventCountry "AUT"]
[WhiteTeam "SC Absam"]
[BlackTeam "Schwaz"]

1.e4 c5 2.Nf3 e6 3.Nc3 a6 4.d4 cxd4 5.Nxd4 Bb4 6.Bd3 Nc6 7.Nxc6 bxc6 8.O-O d5
9.exd5 cxd5 10.Qg4 Bf8 11.Re1 Nf6 12.Qg3 Bb7 13.Bg5 Be7 14.Rad1 Nh5 15.Bxe7 Qxe7
16.Qg4 g6 17.Qa4+ Qd7 18.Qb4 Qe7 19.Qa4+ Qd7 20.Qd4 O-O 21.Be2 Ng7 22.Ne4 Ne8
23.c4 Qc7 24.cxd5 Bxd5 25.Bf3 Rc8 26.b3 Qa5 27.Re2 Bxe4 28.Bxe4 Nd6 29.Bd3 Nb5
30.Bxb5 1/2-1/2

[Event "2. Bundesliga West 2011/12"]
[Site "Absam"]
[Date "2011.10.07"]
[Round "1"]
[Board "6"]
[White "Streiter, Gerhard"]
[Black "De Francesco, Klaus"]
[Result "0-1"]
[WhiteElo "2021"]
[BlackElo "2307"]
[PlyCount "132"]
[EventDate "2011.10.07"]
[EventType "team"]
[EventRounds "11"]
[EventCountry "AUT"]
[WhiteTeam "Schwaz"]
[BlackTeam "SC Absam"]

1.e4 e6 2.d4 d5 3.e5 c5 4.c3 Nc6 5.Nf3 Qb6 6.a3 Nh6 7.b4 cxd4 8.cxd4 Nf5 9.Bb2
Bd7 10.g4 Nfe7 11.Bd3 Rc8 12.Qd2 h5 13.g5 g6 14.h4 Nf5 15.Bxf5 gxf5 16.Nc3 Ne7
17.O-O Ng6 18.Rfc1 Be7 19.Ne2 Rxc1+ 20.Rxc1 Bc6 21.Kh2 Qd8 22.Rg1 Bb5 23.Bc1 Qd7
24.Nf4 Bc4 25.Nxg6 fxg6 26.Bb2 Kf7 27.Rc1 Rc8 28.Ne1 b6 29.Ng2 Qb5 30.Ne3 a5
31.Bc3 Ra8 32.Qb2 axb4 33.Bxb4 Bxb4 34.Qxb4 Qxb4 35.axb4 b5 36.Kg2 Ra4 37.Rb1
Ra2 38.Kf3 Rd2 39.Nxc4 dxc4 40.Ke3 Rd3+ 41.Ke2 Rxd4 42.Ra1 Rxh4 43.Ra7+ Ke8
44.Ra8+ Kd7 45.Ra7+ Kc6 46.Rg7 Re4+ 47.Kd2 Rxe5 48.Rxg6 f4 49.Rg8 h4 50.g6 Rg5
51.g7 Kb7 52.Rh8 Rxg7 53.Rxh4 Rf7 54.Rh6 Rd7+ 55.Kc2 Rd3 56.Rxe6 Rb3 57.Rf6 Rxb4
58.Rxf4 Rb3 59.Rf6 Kc7 60.f3 Rd3 61.Kb2 Rd6 62.Rf5 Kc6 63.Rf8 Kc5 64.Rf5+ Rd5
65.Rf4 Kb4 66.Kc2 Rh5 0-1

[Event "2. Bundesliga West 2011/12"]
[Site "Hohenems"]
[Date "2011.10.07"]
[Round "1"]
[Board "1"]
[White "Froewis, Georg"]
[Black "Deglmann, Ludwig"]
[Result "1-0"]
[WhiteElo "2424"]
[BlackElo "2324"]
[PlyCount "121"]
[EventDate "2011.10.07"]
[EventType "team"]
[EventRounds "11"]
[EventCountry "AUT"]
[WhiteTeam "Hohenems 2"]
[BlackTeam "Sparkasse Jenbach 2"]

1.Nf3 f5 2.d4 Nf6 3.c4 g6 4.g3 Bg7 5.Bg2 O-O 6.O-O d6 7.Nc3 Qe8 8.Re1 e5 9.e4
fxe4 10.dxe5 dxe5 11.Ng5 Bg4 12.Qb3 Nc6 13.Be3 Nd4 14.Bxd4 exd4 15.Ncxe4 Nxe4
16.Bxe4 Qd7 17.Qxb7 Rab8 18.Qd5+ Qxd5 19.Bxd5+ Kh8 20.h3 Bf5 21.b3 Bc2 22.Rad1
d3 23.Rd2 h6 24.Ne6 Rfe8 25.Re3 Rxe6 26.Rxe6 Bc3 27.Rxd3 Bxd3 28.Re3 Bxc4
29.Bxc4 Bf6 30.Re6 Kg7 31.Kg2 Rd8 32.Re2 a5 33.h4 g5 34.h5 Kf8 35.Re6 Rd6 36.Re2
Rd8 37.a4 Rd6 38.Bb5 Bd4 39.Re8+ Kf7 40.Rc8 Bb6 41.Bc4+ Ke7 42.Rh8 Rf6 43.f3 Kd7
44.Rh7+ Kc6 45.Bd3 Bc5 46.Kh3 Bd6 47.Kg4 Bf8 48.Bb5+ Kb6 49.Bc4 Kc6 50.Bb5+ Kb6
51.Rd7 Bd6 52.Rg7 Rf8 53.Rg6 Rh8 54.Bc4 Kc5 55.Bg8 Kd4 56.f4 gxf4 57.gxf4 Ke4
58.Re6+ Kd5 59.Re8+ Kd4 60.Kf5 Bb4 61.Kg6 1-0

[Event "2. Bundesliga West 2011/12"]
[Site "Hohenems"]
[Date "2011.10.07"]
[Round "1"]
[Board "2"]
[White "Reich, Thomas"]
[Black "Novkovic, Milan"]
[Result "1/2-1/2"]
[WhiteElo "2388"]
[BlackElo "2381"]
[PlyCount "95"]
[EventDate "2011.10.07"]
[EventType "team"]
[EventRounds "11"]
[EventCountry "AUT"]
[WhiteTeam "Sparkasse Jenbach 2"]
[BlackTeam "Hohenems 2"]

1.d4 d5 2.Bf4 c5 3.e3 cxd4 4.exd4 Nc6 5.c3 Bf5 6.Qb3 Qd7 7.Nf3 e6 8.Nbd2 a6
9.Be2 Nf6 10.O-O Be7 11.Ne5 Nxe5 12.dxe5 Ne4 13.Nxe4 Bxe4 14.Be3 O-O 15.Rad1 b5
16.Bd3 Bxd3 17.Rxd3 Rac8 18.a3 Bc5 19.Bxc5 Rxc5 20.Qd1 Rc4 21.Re1 Qe7 22.g3 Rfc8
23.Qd2 a5 24.b3 R4c6 25.b4 Qc7 26.Ree3 Rc4 27.Qe2 h6 28.Kg2 Qa7 29.Qb2 R8c6
30.h4 axb4 31.axb4 Ra6 32.Qe2 Ra1 33.Rd1 Ra3 34.Rdd3 Ra1 35.Rd1 Ra3 36.Rdd3 Qa4
37.Rf3 Re4 38.Qxe4 dxe4 39.Rd8+ Kh7 40.Rxf7 Rxc3 41.Rdd7 Rf3 42.Rxg7+ Kh8
43.Rh7+ Kg8 44.Rdg7+ Kf8 45.Ra7 Rxf2+ 46.Kxf2 Qc2+ 47.Kg1 Qd1+ 48.Kg2 1/2-1/2

[Event "2. Bundesliga West 2011/12"]
[Site "Hohenems"]
[Date "2011.10.07"]
[Round "1"]
[Board "3"]
[White "Gaertner, Guntram"]
[Black "Micheli, Carlo"]
[Result "1/2-1/2"]
[WhiteElo "2324"]
[BlackElo "2268"]
[PlyCount "189"]
[EventDate "2011.10.07"]
[EventType "team"]
[EventRounds "11"]
[EventCountry "AUT"]
[WhiteTeam "Hohenems 2"]
[BlackTeam "Sparkasse Jenbach 2"]

1.c4 e5 2.Nc3 d6 3.Nf3 f5 4.d4 e4 5.Bg5 Nf6 6.Nd2 Be7 7.e3 O-O 8.Be2 c5 9.Nb3
Nbd7 10.dxc5 dxc5 11.Nd5 Nxd5 12.Qxd5+ Kh8 13.Bxe7 Qxe7 14.O-O-O a5 15.Qd6 Qxd6
16.Rxd6 a4 17.Nd2 Nf6 18.Nb1 Bd7 19.f4 exf3 20.Bxf3 Rae8 21.Rhd1 Bc8 22.Nc3 a3
23.b3 Rxe3 24.Na4 Re5 25.Rd8 Kg8 26.Rxf8+ Kxf8 27.Rd8+ Re8 28.Rxe8+ Nxe8 29.Nxc5
Nd6 30.Nd3 g5 31.g3 Ke7 32.Nb4 Kf6 33.Nc2 Ke5 34.Nxa3 g4 35.Bg2 f4 36.gxf4+ Kxf4
37.Nb5 Nxb5 38.cxb5 Ke3 39.a4 h5 40.b6 Kf2 41.Bd5 h4 42.a5 h3 43.a6 bxa6 44.b7
Bxb7 45.Bxb7 Kg1 46.Bc8 Kxh2 47.Bxg4 Kg2 48.Bc8 h2 49.Kb2 Kf2 50.Bb7 Ke3 51.b4
Kd2 52.Kb3 Kc1 53.Be4 Kd2 54.Kc4 Ke3 55.Bb7 Kd2 56.Kb3 Kc1 57.Kc3 Kb1 58.Bd5 Kc1
59.Be4 Kd1 60.Kb2 Kd2 61.Bb7 Kd1 62.Kb3 Kd2 63.Ka4 Kc3 64.Ka5 Kb3 65.Bd5+ Kc3
66.Ka4 Kd4 67.Bb7 Kc3 68.Ka3 Kc2 69.Bg2 Kc3 70.Ka4 Kc4 71.Bh1 Kc3 72.Ka3 Kc4
73.Ka4 Kc3 74.Bb7 Kb2 75.Ka5 Kc3 76.Bf3 Kb3 77.Bg2 Kc3 78.Ka4 Kc4 79.Bh1 Kc3
80.Ka3 Kc4 81.Bc6 Kc3 82.Bb7 Kc2 83.Ka4 Kb2 84.Bd5 Kc3 85.Ka5 Kd4 86.Bf3 Kc4
87.Bh1 Kc3 88.Ka4 Kb2 89.Bd5 Kc3 90.Ka3 Kd4 91.Bg2 Kc3 92.Bb7 Kc2 93.Ka4 Kb2
94.Ka5 Kc3 95.b5 1/2-1/2

[Event "2. Bundesliga West 2011/12"]
[Site "Hohenems"]
[Date "2011.10.07"]
[Round "1"]
[Board "4"]
[White "Hoellrigl, Wilfried"]
[Black "Amann, Guenter"]
[Result "0-1"]
[WhiteElo "2186"]
[BlackElo "2360"]
[PlyCount "104"]
[EventDate "2011.10.07"]
[EventType "team"]
[EventRounds "11"]
[EventCountry "AUT"]
[WhiteTeam "Sparkasse Jenbach 2"]
[BlackTeam "Hohenems 2"]

1.e4 c6 2.d4 d5 3.e5 c5 4.dxc5 e6 5.Be3 Nh6 6.c3 Nf5 7.Bd4 Nxd4 8.cxd4 b6 9.Bb5+
Bd7 10.Bxd7+ Nxd7 11.c6 Nb8 12.Qa4 Qc7 13.Nc3 Nxc6 14.Nb5 Qd7 15.Rc1 Bb4+ 16.Kf1
Be7 17.Nf3 O-O 18.Ke2 a6 19.Nc3 b5 20.Qd1 Na5 21.Re1 Rac8 22.Qd3 Rc7 23.Kf1 Rfc8
24.Ne2 Rc4 25.b3 Rxc1 26.Rxc1 Rxc1+ 27.Nxc1 Nc6 28.Qc3 h6 29.Nd3 g5 30.g4 a5
31.Nc5 Bxc5 32.Qxc5 Nb4 33.a4 bxa4 34.Qxa5 Nd3 35.Qxa4 Qc8 36.Qa5 Qc2 37.Qd2
Qb1+ 38.Ne1 Nxe1 39.Qxe1 Qxb3 40.Qe3 Qd1+ 41.Kg2 Qxg4+ 42.Kf1 Kg7 43.h3 Qe4
44.Qc3 Qh1+ 45.Ke2 Qg2 46.Ke1 h5 47.Ke2 h4 48.Qd2 Kg6 49.Qc3 g4 50.hxg4 Qxg4+
51.Kf1 h3 52.Qd3+ Kg7 0-1

[Event "2. Bundesliga West 2011/12"]
[Site "Hohenems"]
[Date "2011.10.07"]
[Round "1"]
[Board "5"]
[White "Sandholzer, Robert"]
[Black "Czoeppan, Thomas"]
[Result "1/2-1/2"]
[WhiteElo "2158"]
[BlackElo "2049"]
[PlyCount "62"]
[EventDate "2011.10.07"]
[EventType "team"]
[EventRounds "11"]
[EventCountry "AUT"]
[WhiteTeam "Hohenems 2"]
[BlackTeam "Sparkasse Jenbach 2"]

1.e4 e6 2.d4 d5 3.Nc3 Nf6 4.e5 Nfd7 5.f4 c5 6.Nce2 Nc6 7.c3 cxd4 8.cxd4 Bb4+
9.Kf2 f5 10.Nf3 h6 11.Rg1 Be7 12.g4 g6 13.gxf5 gxf5 14.Ng3 Nf8 15.Kg2 Bd7 16.a3
Qb6 17.b4 a6 18.Kh1 O-O-O 19.Be3 Be8 20.Nd2 h5 21.Nb3 h4 22.Ne2 Bh5 23.h3 a5
24.Nxa5 Nxa5 25.bxa5 Qxa5 26.Qb3 Ng6 27.Nc3 Rd7 28.Nb5 Kb8 29.Rc1 Rc8 30.Bd3
Rdd8 31.a4 Rxc1 1/2-1/2

[Event "2. Bundesliga West 2011/12"]
[Site "Hohenems"]
[Date "2011.10.07"]
[Round "1"]
[Board "6"]
[White "Schnegg, Anna-Lena"]
[Black "Hofer, Emilian"]
[Result "1/2-1/2"]
[WhiteElo "2017"]
[BlackElo "1869"]
[PlyCount "127"]
[EventDate "2011.10.07"]
[EventType "team"]
[EventRounds "11"]
[EventCountry "AUT"]
[WhiteTeam "Sparkasse Jenbach 2"]
[BlackTeam "Hohenems 2"]

1.e4 e5 2.Nf3 Nc6 3.Bb5 a6 4.Ba4 Nf6 5.O-O Be7 6.Re1 b5 7.Bb3 d6 8.c3 O-O 9.h3
Na5 10.Bc2 c5 11.d4 Qc7 12.Nbd2 Bd7 13.d5 Rfb8 14.b3 c4 15.b4 Nb7 16.a3 a5
17.Bb2 Ra7 18.Nf1 Rba8 19.Ng3 Qc8 20.Qe2 Bd8 21.Rad1 Bb6 22.Qd2 h6 23.Kh2 Nh7
24.Rf1 Nf8 25.Nh4 Qd8 26.Nhf5 axb4 27.cxb4 Qg5 28.Qc3 Ng6 29.f4 Nxf4 30.Bc1 Bxf5
31.exf5 h5 32.Qf3 h4 33.Ne4 Qh6 34.Qg4 Kf8 35.Rde1 f6 36.Rf3 Kf7 37.g3 hxg3+
38.Kxg3 Rh8 39.Kh2 Raa8 40.Bd1 Qh4 41.Qxh4 Rxh4 42.Bxf4 Rxf4 43.Rxf4 exf4
44.Bh5+ Kf8 45.Nc3 Be3 46.Nxb5 c3 47.Bd1 Nd8 48.a4 Nf7 49.Kg2 Ne5 50.Rf1 Rc8
51.Bc2 Rc4 52.Nxd6 Rxb4 53.Rb1 Rxb1 54.Bxb1 Ke7 55.Nb5 Bd2 56.a5 Kd7 57.a6 Kc8
58.a7 Kb7 59.Be4 c2 60.Bxc2 Be3 61.Be4 Bxa7 62.d6+ Kb8 63.Nxa7 Kxa7 64.d7 1/2-1/2

[Event "2. Bundesliga West 2011/12"]
[Site "Hohenems"]
[Date "2011.10.07"]
[Round "1"]
[Board "1"]
[White "Weindl, Alfred"]
[Black "Eisenbeiser, Amadeus"]
[Result "1-0"]
[WhiteElo "2339"]
[BlackElo "2409"]
[PlyCount "111"]
[EventDate "2011.10.07"]
[EventType "team"]
[EventRounds "11"]
[EventCountry "AUT"]
[WhiteTeam "Bregenz"]
[BlackTeam "Goetzis"]

1.c4 e5 2.Nc3 Nf6 3.Nf3 Nc6 4.d3 d5 5.cxd5 Nxd5 6.e3 Be7 7.Be2 O-O 8.O-O Be6
9.Bd2 Qd7 10.Nxd5 Qxd5 11.Bc3 Rfd8 12.Qb1 a5 13.Rd1 Bg4 14.b3 Bf6 15.h3 Bh5
16.a3 Bg6 17.e4 Qe6 18.b4 axb4 19.axb4 Rxa1 20.Qxa1 Nd4 21.Bxd4 exd4 22.Qa7 Qb6
23.Qxb6 cxb6 24.Rc1 Be7 25.Rc4 f6 26.Nxd4 Bf7 27.Rc7 Bxb4 28.Nf5 Bc5 29.d4 Bf8
30.d5 Bg6 31.g4 Rb8 32.Ne7+ Kh8 33.d6 Bxe4 34.f3 Bxe7 35.dxe7 Bc6 36.Kf2 Be8
37.Bc4 b5 38.Bb3 g5 39.f4 gxf4 40.Kf3 Kg7 41.Kxf4 h6 42.h4 b4 43.h5 b5 44.Bd5
Kh8 45.Be6 b3 46.Bxb3 b4 47.Kf5 Kg7 48.Kf4 Kh8 49.Ke4 Kg7 50.Ra7 Bf7 51.e8=Q
Rxe8+ 52.Kf5 Rf8 53.Rc7 Kh8 54.Bxf7 Rb8 55.Kg6 f5 56.Be6 1-0

[Event "2. Bundesliga West 2011/12"]
[Site "Hohenems"]
[Date "2011.10.07"]
[Round "1"]
[Board "2"]
[White "Krassowizkij, Jaroslaw"]
[Black "Dobosz, Henryk"]
[Result "1-0"]
[WhiteElo "2356"]
[BlackElo "2396"]
[PlyCount "197"]
[EventDate "2011.10.07"]
[EventType "team"]
[EventRounds "11"]
[EventCountry "AUT"]
[WhiteTeam "Goetzis"]
[BlackTeam "Bregenz"]

1.d4 d5 2.c4 c6 3.Nf3 Nf6 4.Qc2 dxc4 5.Qxc4 Bf5 6.g3 e6 7.Bg2 Be7 8.O-O O-O 9.e3
Nbd7 10.Qe2 h6 11.Nc3 Ne4 12.Nd2 Nxd2 13.Bxd2 Bh7 14.e4 Rc8 15.Rad1 Re8 16.Be3
Bb4 17.d5 Bxc3 18.dxe6 fxe6 19.bxc3 Qc7 20.Bf4 Qd8 21.Qb2 Qb6 22.Qa3 Qc5 23.Qb3
Nb6 24.Be3 Qe7 25.a4 c5 26.a5 Na8 27.Qb5 Rc7 28.Rd2 Bg6 29.Rfd1 Rec8 30.Bf4 e5
31.Rd7 Qe8 32.Be3 b6 33.Bh3 bxa5 34.Rxc7 Nxc7 35.Qb7 Rd8 36.Ra1 Ne6 37.Rxa5 Rd7
38.Qb3 Bf7 39.Ra6 c4 40.Qa4 Qe7 41.Rxa7 Rxa7 42.Qxa7 Qxa7 43.Bxa7 Ng5 44.Bg2 Bh5
45.Be3 Nf3+ 46.Kh1 Ne1 47.Bf1 Bf3+ 48.Kg1 Nd3 49.Bg2 Bxg2 50.Kxg2 g5 51.g4 Kg7
52.h4 gxh4 53.Kh3 Kg6 54.Kxh4 Nb2 55.Kg3 Na4 56.Bd2 Nc5 57.Kf3 h5 58.gxh5+ Kxh5
59.Ke3 Nd3 60.Ke2 Kg4 61.Bh6 Kh5 62.Bf8 Kg5 63.Ke3 Kf6 64.f3 Kf7 65.Bd6 Ke6
66.Bc7 Nf4 67.Bb6 Ng2+ 68.Kd2 Nf4 69.Bg1 Nd3 70.Bh2 Nc5 71.Bg3 Nd3 72.Ke3 Nc1
73.f4 exf4+ 74.Bxf4 Nb3 75.Bc7 Kd7 76.Bb6 Ke6 77.Ba7 Ke5 78.Bb8+ Ke6 79.Kf4 Nc5
80.Ba7 Na4 81.Bd4 Nb2 82.Ke3 Nd1+ 83.Kd2 Nb2 84.Bg7 Kd6 85.Ke3 Kc5 86.Bf8+ Kb5
87.Kd4 Nd3 88.Kd5 Nf4+ 89.Kd6 Ne2 90.Bg7 Ng3 91.Kd5 Kb6 92.Be5 Ne2 93.Kxc4 Kc6
94.Kd3 Nc1+ 95.Kc2 Ne2 96.Kd2 Ng1 97.Ke3 Kd7 98.Bf4 Ke6 99.c4 1-0

[Event "2. Bundesliga West 2011/12"]
[Site "Hohenems"]
[Date "2011.10.07"]
[Round "1"]
[Board "3"]
[White "Bezler, Rainer"]
[Black "Kessler, Luca"]
[Result "1-0"]
[WhiteElo "2218"]
[BlackElo "2247"]
[PlyCount "131"]
[EventDate "2011.10.07"]
[EventType "team"]
[EventRounds "11"]
[EventCountry "AUT"]
[WhiteTeam "Bregenz"]
[BlackTeam "Goetzis"]

1.e4 c6 2.d4 d5 3.Nc3 dxe4 4.Nxe4 Bf5 5.Ng3 Bg6 6.Nf3 Nd7 7.Bd3 e6 8.O-O Ngf6
9.b3 Bd6 10.Bb2 Qc7 11.Re1 O-O-O 12.Bxg6 hxg6 13.Ng5 Nb6 14.Qf3 Rh4 15.h3 Rf4
16.Qd3 c5 17.Ne2 c4 18.bxc4 Rf5 19.c5 Bxc5 20.Nf3 Bb4 21.c3 Qc4 22.Qxc4+ Nxc4
23.cxb4 Nxb2 24.Ne5 Nd5 25.Rec1+ Kb8 26.Rc2 Na4 27.Rac1 a6 28.a3 Nab6 29.f3 Ka7
30.Ng3 Rf4 31.Ne4 Nd7 32.Nd3 Rf5 33.Nd6 Rf6 34.Rc8 Rxc8 35.Rxc8 e5 36.dxe5 Nxe5
37.Nxe5 Rxd6 38.Nxf7 Re6 39.Rc5 Nf4 40.Rc4 Rf6 41.Ne5 g5 42.Rc5 Ne6 43.Ng4 Nxc5
44.Nxf6 Ne6 45.Nd5 b5 46.Kf2 Kb7 47.Ke3 Kc6 48.Ke4 Kd6 49.Ne3 g6 50.g3 Ng7 51.f4
gxf4 52.gxf4 Ke6 53.Kf3 Ne8 54.Kg4 Nd6 55.Kg5 Kf7 56.Ng4 Kg7 57.Ne5 Ne4+ 58.Kg4
Nd6 59.Kf3 Kf6 60.Ng4+ Ke6 61.Ne3 Kf6 62.Ke2 Ne4 63.Nd5+ Kf5 64.Ke3 Nd6 65.Kd4
Nc4 66.Ne3+ 1-0

[Event "2. Bundesliga West 2011/12"]
[Site "Hohenems"]
[Date "2011.10.07"]
[Round "1"]
[Board "4"]
[White "Schmidlechner, Alexander"]
[Black "Hugentobler, Patrick"]
[Result "1-0"]
[WhiteElo "2273"]
[BlackElo "2262"]
[PlyCount "35"]
[EventDate "2011.10.07"]
[EventType "team"]
[EventRounds "11"]
[EventCountry "AUT"]
[WhiteTeam "Goetzis"]
[BlackTeam "Bregenz"]

1.d4 Nf6 2.c4 g6 3.Nc3 d5 4.Bg5 Ne4 5.Bh4 Nxc3 6.bxc3 dxc4 7.Qa4+ Qd7 8.Qxc4 Bg7
9.Nf3 Nc6 10.e3 O-O 11.Be2 e5 12.O-O b6 13.Nxe5 Nxe5 14.dxe5 Bxe5 15.Qe4 Re8
16.Qxa8 c6 17.Bf3 Bb7 18.Rad1 1-0

[Event "2. Bundesliga West 2011/12"]
[Site "Hohenems"]
[Date "2011.10.07"]
[Round "1"]
[Board "5"]
[White "Matt, Fabian"]
[Black "Mittelberger, Peter"]
[Result "0-1"]
[WhiteElo "2169"]
[BlackElo "2180"]
[PlyCount "152"]
[EventDate "2011.10.07"]
[EventType "team"]
[EventRounds "11"]
[EventCountry "AUT"]
[WhiteTeam "Bregenz"]
[BlackTeam "Goetzis"]

1.e4 g6 2.d4 Bg7 3.Nc3 d6 4.Be3 c6 5.Qd2 b5 6.h3 Nd7 7.Bd3 Qc7 8.f4 Bb7 9.Nf3 a6
10.a4 Ngf6 11.e5 b4 12.Na2 Nd5 13.Nxb4 Nxe3 14.Qxe3 c5 15.dxc5 Nxc5 16.O-O O-O
17.Be2 Qb6 18.c3 a5 19.Nd3 Nxa4 20.Nd4 Nc5 21.exd6 exd6 22.Nxc5 dxc5 23.Nf3 Bd5
24.Rad1 Rad8 25.Rd2 Rfe8 26.Qf2 Bxf3 27.Rxd8 Rxd8 28.Bxf3 Rb8 29.f5 Qxb2 30.Qxc5
Qxc3 31.Qe7 Qe5 32.Qxe5 Bxe5 33.fxg6 hxg6 34.Bd5 Rf8 35.g4 Kg7 36.g5 a4 37.Kg2
f6 38.gxf6+ Bxf6 39.Rf2 Rd8 40.Ba2 a3 41.Rf3 Rd2+ 42.Rf2 Rd1 43.Rf1 Rd7 44.Rf3
Bb2 45.Rf1 Kh6 46.Rf2 Rd4 47.Rf1 Kg5 48.Rf7 Rd6 49.Rf1 Rb6 50.Rf2 Bd4 51.Rd2 Rb4
52.Rc2 Kf4 53.Re2 Be3 54.Rc2 Ke5 55.Kf3 Bd4 56.Rg2 Rb6 57.Rc2 Rf6+ 58.Kg4 Rb6
59.Re2+ Kf6 60.Kf4 Rc6 61.Kg4 Rc1 62.h4 Ra1 63.Rg2 Rh1 64.Rg3 Bb2 65.Rg2 Kg7
66.Rg3 Rh2 67.Rh3 Rd2 68.h5 Bc1 69.Be6 Rd4+ 70.Kf3 Rd6 71.Ba2 g5 72.Rh2 Kh6
73.Kg4 Rd4+ 74.Kf5 Rf4+ 75.Ke5 Rf1 76.Bc4 Bf4+ 0-1